| 000 | 00575nam a22002057a 4500 | ||
|---|---|---|---|
| 999 |
_c92200 _d92200 |
||
| 005 | 20230112154135.0 | ||
| 010 | _aENG-112357 ENG-135976 | ||
| 020 |
_a9789325975637 _c395.00 |
||
| 035 | _aEN-95889 | ||
| 035 | _aEN-119508 | ||
| 037 | _bDBAD/PUB | ||
| 082 | _a005.43 | ||
| 100 | _aKhurana, Rohit | ||
| 245 |
_aOperating system / _cby Rohit Khurana |
||
| 250 | _a2nd ed | ||
| 260 |
_aNoida (UP) _bVikas Publishing House _c2014 |
||
| 270 |
_aE-28, Sector-8, _bNoida _e201301 |
||
| 300 |
_axvi,432p. : _c24cm(pbk) _bill. |
||
| 942 |
_2ddc _cEN _mKHU _h005.43 |
||